000 00293nam a2200121Ia 4500
005 20260328101528.0
008 260328s9999||||xx |||||||||||||| ||und||
100 _aWallick, Karl
245 0 _aInquiry :
_b Kieran Timberlake /
_cKarl Wallick
260 _bRizzoli
300 _a255 p.
942 _cBK
999 _c9848
_d9848